00683nam a2200181 4500001000700000003000900007005001700016007000300033008004100036100003100077245013600108260003200244300002200276700003000298852003200328999001900360952012200379136877ES-MaACL20230906195243.0t|070214s1968 sp r ||||1| spa d1 aSahuc, Louis J. M.910148210aPara descubrir al otro b: problemas de la adolescencia / cLouis J. M. Sahuc ; traducción del francés por Pepita del Castillo. aMadrid : bStudium, c1968. a200 p. ; c20 cm.1 aCastillo, Josefa.9174322 aES-MaACLjC-50381 bR.67086 c136877d136877 00104070aATENEOMbATENEOMcDEPO2d2008-01-17eSCl0oC-50381p1142446r2023-02-23 00:00:00w2023-02-23yMONOGRAFIA